00607nam a2200169 i 450000100060000000300090000600500170001500700030003200800410003510000410007624500810011726000470019830000220024585200320026799900170029995201210031658324ES-MaACL20230906163759.0t|031021s1959 sp ||||1| spa d1 aDurán y Tortajada, Enrique.94624210aLo real y lo fantástico b: (narraciones) / cEnrique Durán y Tortajada. aValencia : bSucs. de Vives Mora, c[1959] a149 p. ; c19 cm. aES-MaACLjC-16232 bR.44124 c58324d58324 00104070aATENEOMbATENEOMcFICHd2008-01-17eSCl0oC-16232p1061201r2023-02-23 00:00:00w2023-02-23yMONOGRAFIA